The Vampire Diaries ultimate quiz - Statistics

General Stats
  • This quiz has been taken 305 times
  • The average score is 45 of 95
Answer Stats
question Answer % Correct
How many seasons are there? 8
91%
what season is caroline made into a vampire? 2
87%
what season did Jenna Die? 2
87%
how old was Nina Dobrev when the show first aired? 19
81%
who is the sheriff besties with? ( Vamp) damon
80%
what season had the 100th episode? 5
78%
how many episodes does caroline have her humanity off? 5
78%
in what season did Nina leave? 6
76%
how many original siblings are there? ( including oldest sister from Originals series) 6
76%
how many episodes does Elena have her humanity off? 6
76%
which brother sacrificed himself to kill Katherine, and save the town from Hellfire? Stefan
76%
who gave birth to Jo and Alaric's twins? caroline
75%
who was elena's Birth mother? Isobel
74%
how many seasons is Elena Human? 3
73%
Ship name of Damon and Elena Delena
72%
What is the Ship name of Stefan And Elena? Stelena
72%
true or false: Matt was the only character to stay human throughout the series? true
71%
true or false: caroline switches her humanity off because she cant deal with her mom's death true
71%
who is the Oldest original sibling in TVD? Elijah
70%
who is the first original vampire we encounter on the series? Elijah
70%
who are Bonnie and Damon trapped in the Prison world with? Kai
67%
which subject does Alaric teach? History
66%
who was jeremy's ghost girlfriend? Anna
65%
who's wife was she? Alaric's
64%
who did Caroline date first: Tyler or matt? Matt
64%
who caused Matts car to drive off the bridge, and therefore turning Elena into a vampire? Rebekah
64%
which original does she hang out with during that time? Rebekah
64%
who made daylight rings for Elena and Caroline? Bonnie
63%
Who was Elena's birth father? John Gilbert
63%
what is Katherine's real name? katerina Petrova
63%
who was the first successful hybrid? Tyler
63%
which family are werewolves? Lockwood
62%
which salvatore brother actor did Nina Dobrev date for a few years? Ian Somerhalder
61%
who does klaus turn into a vampire to sacrifice at the altar? jenna
61%
who was jenna to Jeremy and Elena? Aunt
60%
in the show, what country did it switch to, due to Nina's birth country? Bulgaria
60%
How is Elena actually related to jeremy? cousin
60%
in season 3, klaus gives caroline a picture he drew of what farm animal? Horse
60%
who is the first Lockwood we come across that we know has the curse? ML Mason
60%
what is the ship name of Caroline and Stefan? Steroline
60%
What Month did the show premier in 2009? September
59%
How many episodes are there? 171
58%
what month did the show come to an end in 2017? march
58%
which Coven did the twins belong to? Gemini
56%
who is Stefan's best friend? before damon Kills her lexi
56%
who was the original Immortal? ( not originals) Silas
56%
who's blood helped make the transformation into a hybrid complete? Elena's
53%
what is the name of the herb which protects humans from compulsion? vervain
53%
which Salvatore actor was Torrey Devitto ( meredith fell) married to? Paul Wesley
52%
who's mom is the Sheriff? caroline's
48%
where did stefan find Klaus in season 7, while escaping from Rayna? New Orleans
47%
who Turned Lorenzo? Lily
46%
from which other vampire movie did Ian Somerhalder marry Nikki Reed? Twilight
46%
where was Lily salvatore unitl season 6? prison world
45%
what channel did the show air om? CW
42%
who was Bonnie's love interest in season 7 and 8? Lorenzo
42%
what is the name of the bridge which elena keeps being drawn to? wickery Bridge
42%
which Originals actress did Paul wesley date for a few years? Phoebe Tonkin
41%
who were their parents? Mom then dad esther and Mikael
39%
what other Cw show did Emily Bennett actress Bianca Lawson star on at the same time? Clue PLL pretty Little liars
37%
what herb weakens a werewolf? Wolfsbane
37%
what year was Kai stuck in? 1994
36%
who made daylight rings for Stefan and Damon? emily Bennett
36%
who was the main showrunner? Julie Plec
34%
what city were they based? Chicago
32%
how old is stefan in season 1? how long has he been alive? 162
31%
what decade were Klaus and Stefan besties and stefan dating Rebekah? 1920s
30%
which decade in season 1 decade dance have? 50s
30%
who wrote the books the show is based on? LJ Smith
30%
what binds the curse together? Moonstone
30%
what was the name of the curse that Elijah and Klaus came up with? the sun and moon curse
30%
who was the ruler of hell in the finale? katherine pierce
29%
what country is Paul Wesley's family from? Poland
28%
who was trying to kill Stefan in season 7? Rayna Cruz
28%
in season2, what decade was the decade dance? 60s
27%
in the books, which country did Katherine come from? germany
26%
what year was catherine Turned into a vampire? 1492
25%
which show had Phoebe Tonkin and Claire holt previously starred in together? h2o Just add water
24%
who was the doctor at Whitmore college who was the head of the Augustine society? wes maxfield
24%
what does that make Alaric? Stepdad
23%
what is stefan known as when his humanity is off? the rippah
22%
how does Klaus kill Carol lockwood Drowns her
20%
what iconic chick flick was alaric actor, Matthew davis a part of? Clue: Warner Hunnington Legally Blonde
20%
who put an anti-magic barrier around Mystic falls at the end of season 5? the travelers
20%
what Year was Lily salvatore stuck in, in the prison world? 1903
16%
what country is Lorenzo actor, Michael Malarkey from? United Kingdom
15%
what does klaus have to sacrifice to become a hybrid? alphabetical creatures doppelganger, vampire, werewolf
14%
what made Kai so evil? ( type if witch) siphoner
14%
what was the 100th Episode called? 500 years of solitude
12%
what episode do caroline and Klaus do the deed? 500 years of solitude
12%
what did Lily supposedly die of? Consumption
12%
what song played during Stelena's first kiss? Gravity
6%
what was the name of Katherine's daughter? Nadiya
3%
who is the oldest cast member? Marguerite Mcintyre
2%
how do vampires not feel anything? turn of humanity
1%
No matching quizzes found
Score Distribution
Percent of People with Each Score
Percentile by Number Answered
Your Score History
You have not taken this quiz